| 000 | 00461nam a22001577a 4500 | ||
|---|---|---|---|
| 005 | 20251110103158.0 | ||
| 008 | 251110b |||||||| |||| 00| 0 eng d | ||
| 020 | _a979-8-88715-00-86 | ||
| 100 | _aATKINSON, CHARLES | ||
| 245 | _aDIETARY FOOD PRODUCTS TECHNOLOGY | ||
| 260 |
_aDUBLIN _bORYSON PRESS _c2023 |
||
| 300 | _aV. 288P. | ||
| 500 | _aINCUDES INDEX | ||
| 650 | _a1. DIETARY SUPPLEMENTS- TECHNOLOGY 2. FUNCTIONAL FOODS- PROCESSING | ||
| 942 |
_2lcc _cBK |
||
| 999 |
_c216149 _d216149 |
||